| 000 | 00597nam a22001937a 4500 | ||
|---|---|---|---|
| 003 | OSt | ||
| 005 | 20230201093306.0 | ||
| 008 | 221006b |||||||| |||| 00| 0 eng d | ||
| 040 | _cBiblioteca Lado V | ||
| 082 |
_a779.942.2 _bM971a |
||
| 100 |
_957 _aMuñoz, Oscar |
||
| 245 | _aAndarpensar/ | ||
| 260 |
_c2015 _aCali, Colombia |
||
| 300 |
_c6x9cm _a82p. |
||
| 650 | 0 |
_2Tesauro de Arte & Arquitectura _aFOTOGRAFIA _9702 |
|
| 650 |
_2Tesauro de Arte & Arquitectura _aARTE |
||
| 650 |
_2Tesauro de Arte & Arquitectura _aRECOPILACION |
||
| 942 |
_2ddc _c1 _h779.942.2 _iM971a _n0 |
||
| 999 |
_c2997 _d2997 |
||